000 00342nam a22001457a 4500
008 221013b ||||| |||| 00| 0 eng d
020 _a0721639917
041 _aeng
080 _2SECOND EDITION
_a616.073
082 _a616.073
100 _a12
101 _aGENE
245 _aENDOCRINE AND GENETIC DISEASES
_cGARDNER L
942 _2udc
_cBK
999 _c58538
_d58538